000
00255nam a22000857a 4500
008
161206b xxu||||| |||| 00| 0 eng d
100
_9
1854
_a
Khandurie, V.P
245
_a
National Talent Search Examination - VIII
260
_a
New Delhi
_b
Sarawasti House pvt.
_c
2005
999
_c
4600
_d
4600